HELLO...My Name Is...'K' Quiz Stats

 Plays Quiz Updated Nov 12, 2014

Challenge
Share
Tweet
Score 0/25 Timer 04:00
0 Plays Today
Column % Correct
Kevin Bacon
91.2%
Katy Perry
86.6%
Kurt Cobain
81.3%
Kanye West
80.8%
Kelly Clarkson
76.9%
Keanu Reeves
75.8%
Kiefer Sutherland
75.1%
Kid Rock
72.5%
Keith Richards
70.8%
Kathy Bates
69.4%
Keira Knightley
69%
Kelsey Grammer
68%
Kate Winslet
67.6%
Column % Correct
Kenny Rogers
67.2%
Kirsten Dunst
55.2%
Kaley Cuoco
54.5%
Kristen Wiig
54%
Kesha
52.9%
Kirstie Alley
51.2%
Karen Carpenter
50.7%
Kirk Douglas
46%
Karl Malden
38.9%
Kyra Sedgwick
35.5%
Katharine Hepburn
33.2%
Kathleen Turner
30.3%

You're not logged in!

Compare scores with friends on all Sporcle quizzes.
Join for Free
OR
Log In

You Might Also Like...

Show Comments

Extras

Top Quizzes Today


Score Distribution

Your Account Isn't Verified!

In order to create a playlist on Sporcle, you need to verify the email address you used during registration. Go to your Sporcle Settings to finish the process.

Report this User

Report this user for behavior that violates our Community Guidelines.

Details: